[Event "Osterskan Open"]
[Site "Osterskan"]
[Date "1994.??.??"]
[Round "?"]
[White "Engqvist, Thomas"]
[Black "Lyrberg, Patrik"]
[Result "1-0"]
[WhiteElo "2440"]
[BlackElo "2415"]
[PlyCount "145"]
[EventDate "1994.??.??"]
[Source "www.chesslib.no"]
[SourceDate "2004.05.04"]

1. d4 Nf6 2. Nf3 e6 3. c4 d5 4. Nc3 Be7 5. Bg5 O-O 6. e3 h6 7. Bh4 Ne4 8. Bxe7 Qxe7 9. cxd5 Nxc3 10. bxc3 exd5 11. Qb3 c6 12. c4 Be6 13. Be2 Nd7 14. Qxb7 Rab8 15. Qxc6 Qb4+ 16. Nd2 Rfc8 17. Qa6 dxc4 18. Rb1 Qc3 19. Rd1 Nf6 20. O-O Rb6 21. Qxa7 Rb2 22. Nb1 Qb4 23. a3 Qb3 24. Nd2 Qc3 25. Nb1 Qc2 26. Rd2 Qxb1 27. Rxb1 Rxb1+ 28. Rd1 Rb2 29. Kf1 c3 30. Rc1 Ne4 31. Ke1 Nd2 32. d5 Bxd5 33. Bd3 g6 34. Qd4 Nb3 35. Rxc3 Nxd4 36. Rxc8+ Kg7 37. exd4 Bxg2 38. Bc4 Rc2 39. Rc5 Bf3 40. a4 Kf6 41. a5 Ke7 42. a6 Kd6 43. Bxf7 Re2+ 44. Kf1 Rd2 45. Rc1 Rxd4 46. Bxg6 Ra4 47. Bd3 Ke5 48. Ke1 Kd4 49. Kd2 h5 50. Rc7 Ra2+ 51. Rc2 Ra4 52. Rb2 Bg4 53. Bb5 Ra5 54. Bd3 Ra4 55. Rc2 Bf3 56. h3 Bg2 57. Ke2 Bd5 58. Rd2 Ke5 59. Ke3 Be4 60. Rb2 Bxd3 61. Kxd3 Rxa6 62. Rb5+ Kf4 63. Rxh5 Ra2 64. Rh8 Rb2 65. Rf8+ Kg5 66. Ke4 Rb4+ 67. Kf3 Rb3+ 68. Kg2 Ra3 69. Rb8 Kg6 70. Re8 Rb3 71. Re3 Rb4 72. Kg3 Kf6 73. Ra3 1-0

[Event "Capablanca Premier-B 32nd"]
[Site "Cienfuegos"]
[Date "1997.??.??"]
[Round "10"]
[White "Pecorelli Garcia, Humberto"]
[Black "Sieiro Gonzalez, Luis"]
[Result "1/2-1/2"]
[WhiteElo "2460"]
[BlackElo "2385"]
[PlyCount "102"]
[EventDate "1997.05.05"]
[Source "ChessBase"]
[SourceDate "1997.07.29"]

1. d4 d5 2. c4 e6 3. Nc3 Nf6 4. Bg5 Be7 5. e3 h6 6. Bh4 O-O 7. Nf3 Ne4 8. Bxe7 Qxe7 9. cxd5 Nxc3 10. bxc3 exd5 11. Qb3 Rd8 12. c4 dxc4 13. Bxc4 Nc6 14. Qc3 Bg4 15. O-O Bxf3 16. gxf3 Rac8 17. Kh1 Qf6 18. Be2 Ne7 19. Rac1 b6 20. Qa3 c5 21. dxc5 Rd2 22. Qa6 Qb2 23. Qxa7 Rxe2 24. Qxe7 Rxf2 25. Rxf2 Qxf2 26. c6 Qxf3+ 27. Kg1 Ra8 28. Rf1 Qxc6 29. Qxf7+ Kh8 30. Rf3 Qc2 31. Qb3 Qe4 32. Rf4 Qg6+ 33. Kf2 Rc8 34. Kf3 Rd8 35. a4 Kh7 36. Qf7 Qg1 37. Qf5+ Kh8 38. Qc2 Re8 39. Qf2 Qd1+ 40. Kg3 Re5 41. h3 Qd3 42. Kh2 Rc5 43. Rd4 Qg6 44. Rg4 Qd6+ 45. Qf4 Rc2+ 46. Rg2 Qxf4+ 47. exf4 Rc4 48. Rb2 Rxf4 49. Rxb6 Rxa4 50. Kg3 Kh7 51. Rc6 h5 1/2-1/2

[Event "BLR-ch"]
[Site "?"]
[Date "1983.??.??"]
[Round "8"]
[White "Chernikov Oleg L"]
[Black "Begun Sergei M"]
[Result "0-1"]
[WhiteElo "2460"]
[BlackElo "2385"]
[PlyCount "106"]
[EventDate "1983.??.??"]
[Source "www.chesslib.no"]
[SourceDate "2004.05.04"]

1. Nf3 d5 2. d4 Nf6 3. c4 e6 4. Nc3 Be7 5. Bg5 h6 6. Bh4 O-O 7. e3 Ne4 8. Bxe7 Qxe7 9. cxd5 Nxc3 10. bxc3 exd5 11. Qb3 Rd8 12. c4 dxc4 13. Bxc4 Nc6 14. O-O Na5 15. Qc3 Nxc4 16. Qxc4 Be6 17. Qc3 c5 18. dxc5 Rac8 19. Rab1 Bxa2 20. Rbc1 Be6 21. Qa5 Bd5 22. Rfd1 Bxf3 23. Rxd8+ Qxd8 24. Qxd8+ Rxd8 25. gxf3 Rc8 26. Ra1 a6 27. Rb1 Rc7 28. Kf1 Kf8 29. c6 b5 30. Rc1 Ke7 31. Ke2 Kd6 32. Kd3 Rxc6 33. Ra1 Kc5 34. e4 Kb6 35. f4 a5 36. f5 b4 37. e5 Rc3+ 38. Kd4 Rf3 39. e6 fxe6 40. fxe6 Rxf2 41. Re1 Rf8 42. e7 Re8 43. Re5 a4 44. Kc4 b3 45. Kc3 Kc6 46. Re4 Kd5 47. Rxa4 Rxe7 48. Ra5+ Ke4 49. Kxb3 Kf3 50. Kc4 g5 51. Kd4 Kg2 52. h4 g4 53. Ra6 Kh2 0-1

[Event "HUN-ch"]
[Site "Budapest"]
[Date "1977.??.??"]
[Round "?"]
[White "Portisch, Ferenc"]
[Black "Lengyel, Levente"]
[Result "1/2-1/2"]
[WhiteElo "2425"]
[BlackElo "2415"]
[PlyCount "40"]
[EventDate "1977.11.??"]
[Source "ChessBase"]

1. d4 d5 2. c4 e6 3. Nc3 Nf6 4. Nf3 Be7 5. Bg5 O-O 6. e3 h6 7. Bh4 Ne4 8. Bxe7 Qxe7 9. cxd5 Nxc3 10. bxc3 exd5 11. Qb3 c6 12. c4 Be6 13. Rb1 Nd7 14. Bd3 dxc4 15. Bxc4 Bxc4 16. Qxc4 Nb6 17. Qb4 Qxb4+ 18. Rxb4 Rfc8 19. Ke2 c5 20. dxc5 Rxc5 1/2-1/2

[Event "LXVI Campionato georgiano"]
[Site "Tbilisi GEO"]
[Date "2007.03.19"]
[Round "5"]
[White "Gagunashvili, M."]
[Black "Nigalidze, G."]
[Result "0-1"]
[WhiteElo "2611"]
[BlackElo "2224"]
[PlyCount "78"]
[EventDate "2007.03.14"]
[Source "www.chesslib.no"]
[SourceDate "2004.05.04"]

1. Nf3 d5 2. d4 Nf6 3. c4 e6 4. Nc3 Be7 5. Bg5 O-O 6. e3 h6 7. Bh4 Ne4 8. Bxe7 Qxe7 9. cxd5 Nxc3 10. bxc3 exd5 11. Qb3 Rd8 12. Bd3 c5 13. Qa3 b6 14. O-O Nc6 15. Qb2 Be6 16. Bb5 Rac8 17. Bxc6 Rxc6 18. a4 Bf5 19. Ne5 Re6 20. a5 Be4 21. axb6 Rxb6 22. Qe2 c4 23. Qg4 f6 24. Ng6 Qd7 25. Qg3 Kh7 26. Nh4 Rdb8 27. Nf3 Bd3 28. Rfc1 Rb1 29. Rcxb1 Rxb1+ 30. Rxb1 Bxb1 31. h3 a5 32. Qb8 Bc2 33. Nd2 Qf5 34. Qb5 a4 35. e4 Qg5 36. f4 Qxf4 37. Qxd5 a3 38. Qa5 Qg5 39. Qxa3 Qxd2 0-1

[Event "La Coruna op"]
[Site "La Coruna"]
[Date "1996.??.??"]
[Round "?"]
[White "Nedobora, Mikhail"]
[Black "Caselas Cabanas, Jacobo"]
[Result "1-0"]
[WhiteElo "2465"]
[BlackElo "2350"]
[PlyCount "99"]
[EventDate "1996.07.??"]
[Source "www.chesslib.no"]
[SourceDate "2004.05.04"]

1. d4 Nf6 2. c4 e6 3. Nc3 d5 4. Bg5 Be7 5. Nf3 O-O 6. e3 h6 7. Bh4 Ne4 8. Bxe7 Qxe7 9. cxd5 Nxc3 10. bxc3 exd5 11. Qb3 Rd8 12. c4 dxc4 13. Bxc4 Nc6 14. O-O Na5 15. Qc3 Nxc4 16. Qxc4 Be6 17. Qc3 Rac8 18. e4 c6 19. h3 Rc7 20. Rfe1 Qd6 21. Rac1 Re7 22. Qa5 a6 23. Re3 Rde8 24. a3 Qd8 25. Qc5 f6 26. Rce1 Rd7 27. a4 Bf7 28. a5 Bg6 29. Qb4 Bh5 30. g4 Bf7 31. Qc5 Qe7 32. Qc3 Qd8 33. Kg2 Kh8 34. Kg3 Qc7+ 35. e5 Rd5 36. Nh4 c5 37. Nf5 Red8 38. f4 Bg6 39. dxc5 Bxf5 40. gxf5 Rxc5 41. Qb4 Rb5 42. Qe4 fxe5 43. fxe5 Re8 44. Qf4 Qf7 45. Kh2 Rc8 46. R1e2 Rf8 47. f6 Kh7 48. Rg3 g5 49. Qe4+ Kh8 50. Rf3 1-0

[Event "JUG Team Ch women"]
[Site "Tivat"]
[Date "1995.??.??"]
[Round "9"]
[White "Peng Zhaoqin"]
[Black "Maric, Alisa"]
[Result "1/2-1/2"]
[WhiteElo "2395"]
[BlackElo "2415"]
[PlyCount "43"]
[EventDate "1995.??.??"]
[Source "www.chesslib.no"]
[SourceDate "2004.05.04"]

1. d4 Nf6 2. c4 e6 3. Nf3 d5 4. Nc3 Be7 5. Bg5 h6 6. Bh4 O-O 7. e3 Ne4 8. Bxe7 Qxe7 9. cxd5 Nxc3 10. bxc3 exd5 11. Qb3 Rd8 12. c4 dxc4 13. Bxc4 Nc6 14. O-O Na5 15. Qc3 Nxc4 16. Qxc4 Be6 17. Qc3 Bd5 18. Nd2 c5 19. Qxc5 Qxc5 20. dxc5 Bxg2 21. Kxg2 Rxd2 22. Rfd1 1/2-1/2

[Event "Oberliga Nord W 9596"]
[Site "GER"]
[Date "1995.12.03"]
[Round "3.1"]
[White "Babula, Vlastimil"]
[Black "Naumann, Frank"]
[Result "1-0"]
[WhiteElo "2530"]
[BlackElo "2280"]
[PlyCount "107"]
[EventDate "1995.10.??"]
[Source "www.chesslib.no"]
[SourceDate "2004.05.04"]

1. d4 d5 2. c4 e6 3. Nc3 Be7 4. Nf3 Nf6 5. Bg5 O-O 6. e3 h6 7. Bh4 Ne4 8. Bxe7 Qxe7 9. cxd5 Nxc3 10. bxc3 exd5 11. Qb3 Rd8 12. Be2 Nc6 13. O-O b6 14. Qc2 Bb7 15. c4 dxc4 16. Qxc4 Na5 17. Qc3 c5 18. Qa3 Kf8 19. Rac1 cxd4 20. Qxe7+ Kxe7 21. Nxd4 Rac8 22. Bg4 Rc5 23. Rfd1 g6 24. Rxc5 bxc5 25. Nb5 Rxd1+ 26. Bxd1 Bd5 27. Nc3 Be6 28. Kf1 f5 29. Ke1 Nc6 30. Kd2 Nb4 31. a3 Nd5 32. Na4 Kd6 33. Bb3 Nc7 34. Bxe6 Nxe6 35. Kd3 a6 36. Kc4 g5 37. Nc3 Ke5 38. f3 g4 39. f4+ Kd6 40. g3 Kc6 41. Nd5 Kd6 42. Nc3 Kc6 43. a4 Nc7 44. e4 Ne8 45. e5 Nc7 46. a5 h5 47. Na4 Ne6 48. Nb6 Nxf4 49. gxf4 h4 50. e6 Kd6 51. e7 Kxe7 52. Nd5+ Ke6 53. Ne3 g3 54. h3 1-0

[Event "Zaragoza Open"]
[Site "Zaragoza"]
[Date "1993.??.??"]
[Round "?"]
[White "Komljenovic, Davor"]
[Black "Ridameya Tatche, Jose"]
[Result "0-1"]
[WhiteElo "2475"]
[BlackElo "2315"]
[PlyCount "102"]
[EventDate "1993.04.??"]
[Source "www.chesslib.no"]
[SourceDate "2004.05.04"]

1. d4 e6 2. Nf3 d5 3. c4 Nf6 4. Nc3 Be7 5. Bg5 h6 6. Bh4 O-O 7. e3 Ne4 8. Bxe7 Qxe7 9. cxd5 Nxc3 10. bxc3 exd5 11. Qb3 Rd8 12. g3 b6 13. Bg2 Ba6 14. Ne5 c6 15. c4 dxc4 16. Qc3 b5 17. Qa5 Bb7 18. a4 a6 19. Qb6 Rc8 20. O-O Qc7 21. Qc5 Nd7 22. Nxd7 Qxd7 23. e4 Rd8 24. Rfd1 Rac8 25. e5 Re8 26. f4 Qe7 27. Kf2 Rcd8 28. Ke3 Rd7 29. Qxe7 Rdxe7 30. axb5 cxb5 31. d5 Rd7 32. Be4 Kf8 33. Kd4 Ra8 34. f5 Rc8 35. e6 Rd6 36. Rab1 Ke8 37. Rdc1 Bxd5 38. Bxd5 Rcd8 39. Kc3 Rxd5 40. exf7+ Kxf7 41. Ra1 Rd3+ 42. Kb4 R8d6 43. Re1 Kf6 44. g4 c3 45. Kb3 Rc6 46. h4 c2+ 47. Kb2 Rd4 48. Rg1 c1=Q+ 49. Rgxc1 Rb4+ 50. Ka3 Rxc1 51. Rxc1 Rxg4 0-1

[Event "Polish Extraleague"]
[Site "Lubniewice"]
[Date "2003.09.03"]
[Round "5"]
[White "Koziak, Vitali"]
[Black "Dobrowolski, Aleksander"]
[Result "1/2-1/2"]
[WhiteElo "2455"]
[BlackElo "2311"]
[PlyCount "74"]
[EventDate "2003.08.30"]
[Source "Roberto Alvarez"]
[SourceDate "2003.09.15"]

1. d4 d5 2. c4 e6 3. Nf3 Nf6 4. Bg5 Be7 5. e3 O-O 6. Nc3 h6 7. Bh4 Ne4 8. Bxe7 Qxe7 9. cxd5 Nxc3 10. bxc3 exd5 11. Qb3 Rd8 12. c4 dxc4 13. Bxc4 Nc6 14. O-O Na5 15. Qc3 Nxc4 16. Qxc4 Be6 17. Qc3 Bd5 18. Ne5 Rac8 19. Nd3 c5 20. Nf4 cxd4 21. Nxd5 Qe5 22. Qxd4 Qxd4 23. exd4 Rxd5 24. Rfb1 b6 25. a4 Rxd4 26. a5 bxa5 27. Rxa5 Rd7 28. h4 Rc2 29. Rb8+ Kh7 30. g3 g6 31. Ra3 Kg7 32. Kg2 h5 33. Ra4 Rdd2 34. Rf4 Rb2 35. Rc8 Rdc2 36. Rd8 Rb7 37. Ra4 Rbb2 1/2-1/2

[Event "Kishinev Interzonal women"]
[Site "Kishinev MDA"]
[Date "1995.??.??"]
[Round "10"]
[White "Peng Zhaoqin"]
[Black "Gurieli, Nino"]
[Result "1/2-1/2"]
[WhiteElo "2395"]
[BlackElo "2370"]
[PlyCount "46"]
[EventDate "1995.09.??"]
[Source "www.chesslib.no"]
[SourceDate "2004.05.04"]

1. d4 d5 2. c4 e6 3. Nc3 Be7 4. Nf3 Nf6 5. Bg5 h6 6. Bh4 O-O 7. e3 Ne4 8. Bxe7 Qxe7 9. cxd5 Nxc3 10. bxc3 exd5 11. Qb3 Rd8 12. c4 dxc4 13. Bxc4 Nc6 14. Be2 Na5 15. Qc3 b6 16. O-O Bb7 17. Ne5 c5 18. Bh5 g6 19. Bg4 h5 20. Bf3 cxd4 21. exd4 Rac8 22. Qe3 Bxf3 23. Nxf3 Qf6 1/2-1/2

[Event "09.OIBayEM Bad Wiessee op"]
[Site "?"]
[Date "2005.11.02"]
[Round "5"]
[White "Markl Martin"]
[Black "Senff Martin"]
[Result "0-1"]
[WhiteElo "2225"]
[BlackElo "2469"]
[PlyCount "62"]
[EventDate "2005.??.??"]
[Source "www.chesslib.no"]
[SourceDate "2004.05.04"]

1. d4 d5 2. c4 e6 3. Nc3 Be7 4. Nf3 Nf6 5. Bg5 h6 6. Bh4 O-O 7. e3 Ne4 8. Bxe7 Qxe7 9. cxd5 Nxc3 10. bxc3 exd5 11. Bd3 c5 12. O-O Nc6 13. Rc1 Bg4 14. Re1 c4 15. Be2 b5 16. h3 Bh5 17. Rb1 Rab8 18. Ne5 Nxe5 19. Bxh5 Nd3 20. Re2 b4 21. Bf3 bxc3 22. Rxb8 Rxb8 23. Bxd5 Qb4 24. Rc2 Qb1 25. Qxb1 Rxb1+ 26. Kh2 Rc1 27. Re2 c2 28. Kg3 Nb4 29. Be4 Ra1 30. Bxc2 Rxa2 31. d5 Rxc2 0-1

[Event "Nordic-chT"]
[Site "Pohja"]
[Date "1985.??.??"]
[Round "?"]
[White "Nowak, Ignacy"]
[Black "Elseth, Roar"]
[Result "1-0"]
[WhiteElo "2435"]
[BlackElo "2255"]
[PlyCount "105"]
[EventDate "1985.10.??"]
[Source "ChessBase"]

1. d4 Nf6 2. c4 e6 3. Nf3 d5 4. Nc3 Be7 5. Bg5 O-O 6. e3 h6 7. Bh4 Ne4 8. Bxe7 Qxe7 9. cxd5 Nxc3 10. bxc3 exd5 11. Qb3 Rd8 12. Be2 Nc6 13. O-O Rd6 14. Rfe1 Rb8 15. Bd3 Bg4 16. Nd2 Qg5 17. Qc2 Bh3 18. g3 Qh5 19. Rab1 b6 20. Qd1 Qxd1 21. Rexd1 Be6 22. c4 dxc4 23. Nxc4 Bxc4 24. Bxc4 Rbd8 25. Rdc1 Nb8 26. Be2 c6 27. Bf3 Rc8 28. Rb3 Rc7 29. Rbc3 Kf8 30. a4 Ke7 31. Bg2 f5 32. a5 Rf6 33. Bf1 Kd6 34. f3 Ke7 35. Bb5 Rd6 36. Kf2 g6 37. Ba4 Kd7 38. h4 h5 39. Ke2 Ke7 40. R1c2 Kd8 41. Rc4 Rf6 42. R2c3 Kc8 43. Rc1 Kb7 44. d5 c5 45. axb6 axb6 46. Bb5 Rd6 47. Rd1 Na6 48. Ra4 Nb4 49. Rda1 Rc8 50. Rxb4 cxb4 51. Ba6+ Kb8 52. Bxc8 Kxc8 53. e4 1-0

[Event "Bern"]
[Site "Bern"]
[Date "1989.??.??"]
[Round "?"]
[White "Jukic, Mirko"]
[Black "Jakob, Simon"]
[Result "1-0"]
[WhiteElo "2475"]
[BlackElo "2200"]
[PlyCount "79"]
[EventDate "1989.02.??"]
[Source "ChessBase"]

1. d4 d5 2. c4 e6 3. Nf3 Nf6 4. Nc3 Be7 5. Bg5 O-O 6. e3 h6 7. Bh4 Ne4 8. Bxe7 Qxe7 9. cxd5 Nxc3 10. bxc3 exd5 11. Qb3 Rd8 12. c4 dxc4 13. Bxc4 Nc6 14. Qb2 Bg4 15. Be2 Bxf3 16. gxf3 Rd6 17. O-O Re8 18. Rad1 Qh4 19. Kh1 b6 20. Rc1 Ree6 21. f4 Rg6 22. Bf3 Nxd4 23. exd4 Qxf4 24. Qc3 Rxd4 25. Bg2 c5 26. Rce1 Rd2 27. Re4 Qg5 28. Re8+ Kh7 29. Be4 f5 30. Qc4 Rf6 31. Qg8+ Kg6 32. Rg1 Qxg1+ 33. Kxg1 fxe4 34. Rxe4 Rdxf2 35. Rg4+ Kh5 36. Qxg7 Rf1+ 37. Kg2 R6f2+ 38. Kh3 Rf3+ 39. Rg3 Rxg3+ 40. hxg3 1-0

[Event "AUT-chT2M 9900"]
[Site "?"]
[Date "2000.01.15"]
[Round "6.2"]
[White "Gruenberg Hans Ulrich"]
[Black "Taggatz Mario"]
[Result "1/2-1/2"]
[WhiteElo "2453"]
[BlackElo "2220"]
[PlyCount "144"]
[EventDate "2000.??.??"]
[Source "www.chesslib.no"]
[SourceDate "2004.05.04"]

1. d4 d5 2. c4 e6 3. Nc3 Be7 4. Nf3 Nf6 5. Bg5 h6 6. Bh4 O-O 7. e3 Ne4 8. Bxe7 Qxe7 9. cxd5 Nxc3 10. bxc3 exd5 11. Qb3 Rd8 12. c4 dxc4 13. Bxc4 Nc6 14. Qc3 Bg4 15. O-O Bxf3 16. gxf3 Qf6 17. Be2 Rac8 18. Rac1 Ne7 19. Kh1 Rd5 20. f4 c5 21. Bf3 cxd4 22. Qxc8+ Nxc8 23. Bxd5 Ne7 24. Bxb7 dxe3 25. fxe3 Qb6 26. Bg2 Qxe3 27. Rce1 Qa3 28. f5 Qc5 29. f6 gxf6 30. Rxf6 Kg7 31. Ref1 Qc4 32. Rxf7+ Qxf7 33. Rxf7+ Kxf7 34. Kg1 Kf6 35. Kf2 Nf5 36. Ke2 Ke5 37. Kd3 Nd6 38. Kc3 Nc8 39. Kc4 Kd6 40. Kb5 Kc7 41. Kc5 Nb6 42. Bf3 Na4+ 43. Kb4 Nb6 44. Kb5 Nd7 45. Be2 Nb6 46. Bf3 Nd7 47. Bd1 Nb6 48. Kc5 Kd7 49. Bg4+ Kc7 50. Be6 Na4+ 51. Kd5 Kd8 52. Kc4 Kc7 53. Bf7 Kd6 54. Bg6 Kc7 55. Be8 Nb2+ 56. Kc3 Nd1+ 57. Kd4 Kd6 58. Bg6 Ke6 59. Bh5 Nb2 60. Be2 Kd6 61. Bb5 Nd1 62. Bd3 Ke6 63. Be2 Nb2 64. Bg4+ Kd6 65. Bf3 Na4 66. Be2 Nb2 67. Bb5 Nd1 68. Bc4 Ke7 69. Bb3 Nf2 70. Ke3 Ng4+ 71. Kf4 Nxh2 72. Bc4 h5 1/2-1/2

[Event "Mind Sports Games - Rapid Team w KO"]
[Site "Pechino CINA"]
[Date "2008.10.17"]
[Round "2.2"]
[White "Gunina, V."]
[Black "Le Kieu Thien Kim"]
[Result "1-0"]
[WhiteElo "2381"]
[BlackElo "2291"]
[PlyCount "77"]
[EventDate "2008.10.14"]
[Source "www.chesslib.no"]
[SourceDate "2004.05.04"]

1. d4 d5 2. c4 e6 3. Nf3 Nf6 4. Nc3 Be7 5. Bg5 h6 6. Bh4 O-O 7. e3 Ne4 8. Bxe7 Qxe7 9. cxd5 Nxc3 10. bxc3 exd5 11. Qb3 c6 12. Bd3 Be6 13. O-O b6 14. Ne5 Qc7 15. f4 Nd7 16. Nf3 c5 17. Qc2 Nf6 18. h3 Rac8 19. Qf2 a5 20. Ne5 Nd7 21. Qh4 Nxe5 22. dxe5 f5 23. g4 Qd7 24. Kh2 d4 25. Rad1 dxe3 26. gxf5 Qa4 27. fxe6 Qxa2+ 28. Kg3 e2 29. Bxe2 Qxe2 30. Rfe1 Qc4 31. Qg4 h5 32. Qg5 Qxe6 33. Rd6 Qb3 34. Kh4 Qc4 35. Rf6 Rf7 36. Rg1 Kf8 37. Qxg7+ Ke7 38. Qg5 Rcf8 39. Rd6+ 1-0

[Event "BL2-Ost 9900"]
[Site "Germany"]
[Date "2000.03.26"]
[Round "8.5"]
[White "Feige, Manuel"]
[Black "Neidhardt, Claus Ulrich"]
[Result "1/2-1/2"]
[WhiteElo "2245"]
[BlackElo "2420"]
[PlyCount "116"]
[EventDate "1999.10.??"]
[Source "ChessBase"]
[SourceDate "2000.05.11"]

1. d4 d5 2. c4 e6 3. Nc3 Nf6 4. Bg5 Be7 5. e3 h6 6. Bh4 O-O 7. Nf3 Ne4 8. Bxe7 Qxe7 9. cxd5 Nxc3 10. bxc3 exd5 11. Bd3 c5 12. O-O Nc6 13. Re1 Rd8 14. e4 dxe4 15. Bxe4 Qf6 16. d5 Ne7 17. Qb3 Bf5 18. Bxf5 Nxf5 19. Qxb7 Qxc3 20. Ne5 Rf8 21. Rac1 Qb4 22. Qxb4 cxb4 23. Nc6 a5 24. Rc5 Ra6 25. Rxa5 Rxa5 26. Nxa5 Ra8 27. Nc6 Rxa2 28. Nxb4 Rb2 29. Nc6 Rd2 30. g4 Nd4 31. Kg2 Kf8 32. Rb1 f6 33. Rb8+ Kf7 34. Rb7+ Kg6 35. h3 f5 36. Nxd4 Rxd4 37. gxf5+ Kxf5 38. Rxg7 Rxd5 39. Rg3 Ra5 40. Rg4 Ra3 41. Rg8 Rb3 42. f3 Rb1 43. h4 Rb2+ 44. Kg3 Rb1 45. Ra8 Kg6 46. Ra6+ Kg7 47. Kg4 Rb5 48. Re6 Ra5 49. Rb6 Rc5 50. Rb7+ Kf6 51. Rb6+ Kg7 52. h5 Rg5+ 53. Kh4 Rg2 54. f4 Rg1 55. f5 Kf7 56. Rxh6 Rh1+ 57. Kg4 Rg1+ 58. Kh3 Rf1 1/2-1/2

[Event "Polish Extraleague"]
[Site "Lubniewice"]
[Date "2003.09.07"]
[Round "9"]
[White "Pyda, Zbigniew"]
[Black "Zeberski, Jakub"]
[Result "0-1"]
[WhiteElo "2326"]
[BlackElo "2319"]
[PlyCount "94"]
[EventDate "2003.08.30"]
[Source "Roberto Alvarez"]
[SourceDate "2003.09.15"]

1. d4 d5 2. c4 e6 3. Nf3 Nf6 4. Bg5 Be7 5. e3 O-O 6. Nc3 h6 7. Bh4 Ne4 8. Bxe7 Qxe7 9. cxd5 Nxc3 10. bxc3 exd5 11. Qb3 Rd8 12. Be2 c5 13. dxc5 Qxc5 14. O-O Qe7 15. Rfd1 Be6 16. Nd4 Nc6 17. Nxe6 fxe6 18. c4 Na5 19. Qb5 Nxc4 20. Bxc4 a6 21. Qb3 dxc4 22. Qxc4 Rac8 23. Qe4 b5 24. g3 Rd6 25. Rac1 Qd8 26. Rf1 Rxc1 27. Rxc1 Rd1+ 28. Rxd1 Qxd1+ 29. Kg2 Qd5 30. Qf3 b4 31. Qxd5 exd5 32. Kf3 a5 33. Ke2 a4 34. Kd3 Kf7 35. h4 h5 36. Kd4 Kf6 37. Kd3 Kf5 38. f3 Ke5 39. g4 g5 40. f4+ gxf4 41. exf4+ Kxf4 42. g5 Ke5 43. Kc2 d4 44. Kd2 a3 45. Kc2 d3+ 46. Kb3 d2 47. Kc2 b3+ 0-1

[Event "ETCC Plovdiv 2003"]
[Site "?"]
[Date "2003.10.19"]
[Round "8.6"]
[White "Lomineishvili Maia"]
[Black "Garcia Vicente Nieves"]
[Result "1-0"]
[WhiteElo "2400"]
[BlackElo "2244"]
[PlyCount "53"]
[EventDate "2003.??.??"]
[Source "www.chesslib.no"]
[SourceDate "2004.05.04"]

1. d4 d5 2. c4 e6 3. Nc3 Nf6 4. Bg5 Be7 5. e3 h6 6. Bh4 O-O 7. Nf3 Ne4 8. Bxe7 Qxe7 9. cxd5 Nxc3 10. bxc3 exd5 11. c4 Nc6 12. cxd5 Nb4 13. Bc4 Bf5 14. O-O Bc2 15. Qe2 Be4 16. Ne5 Bxd5 17. a3 Bxc4 18. Qxc4 Na6 19. Ng6 Qe4 20. Nxf8 Rxf8 21. Rab1 c5 22. Rfc1 Rd8 23. Qb5 Qf5 24. Qxb7 Rb8 25. Qxb8+ Nxb8 26. Rxb8+ Kh7 27. dxc5 1-0

[Event "EST-FIN Match"]
[Site "Tallinn EST"]
[Date "2008.01.13"]
[Round "1"]
[White "Etruk, R."]
[Black "Parkkinen, J."]
[Result "1/2-1/2"]
[WhiteElo "2398"]
[BlackElo "2243"]
[PlyCount "28"]
[EventDate "2008.01.13"]
[Source "www.chesslib.no"]
[SourceDate "2004.05.04"]

1. d4 d5 2. c4 e6 3. Nc3 Be7 4. Nf3 Nf6 5. Bg5 O-O 6. e3 h6 7. Bh4 Ne4 8. Bxe7 Qxe7 9. cxd5 Nxc3 10. bxc3 exd5 11. Be2 Nd7 12. O-O b6 13. c4 dxc4 14. Bxc4 Bb7 1/2-1/2

[Event "Biedermeier op 3rd"]
[Site "?"]
[Date "2001.??.??"]
[Round "3"]
[White "Dudas Janos"]
[Black "Posch Werner"]
[Result "1/2-1/2"]
[WhiteElo "2400"]
[BlackElo "2240"]
[PlyCount "45"]
[EventDate "2001.??.??"]
[Source "www.chesslib.no"]
[SourceDate "2004.05.04"]

1. d4 d5 2. c4 e6 3. Nc3 Nf6 4. Bg5 Be7 5. e3 h6 6. Bh4 O-O 7. Nf3 Ne4 8. Bxe7 Qxe7 9. cxd5 Nxc3 10. bxc3 exd5 11. Bd3 Nd7 12. O-O Nf6 13. Qb3 c6 14. Rab1 Ne4 15. Qc2 f5 16. Ne5 Rf6 17. c4 Be6 18. cxd5 Bxd5 19. f3 Nd6 20. e4 Be6 21. Rfe1 fxe4 22. fxe4 Nf7 23. Nc4 1/2-1/2

[Event "Velden Open"]
[Site "Velden GER"]
[Date "1995.??.??"]
[Round "2"]
[White "Kelecevic, Nedeljko"]
[Black "Steiner, Guenter"]
[Result "1-0"]
[WhiteElo "2450"]
[BlackElo "2180"]
[PlyCount "81"]
[EventDate "1995.06.??"]
[Source "www.chesslib.no"]
[SourceDate "2004.05.04"]

1. d4 Nf6 2. c4 e6 3. Nc3 d5 4. Nf3 Be7 5. Bg5 O-O 6. e3 h6 7. Bh4 Ne4 8. Bxe7 Qxe7 9. cxd5 Nxc3 10. bxc3 exd5 11. Qb3 Rd8 12. c4 dxc4 13. Bxc4 Nc6 14. O-O Na5 15. Qc3 Nxc4 16. Qxc4 Be6 17. Qc3 Rac8 18. e4 Qf6 19. Ne5 Qh4 20. f4 f5 21. d5 Bf7 22. exf5 Qf6 23. Qe3 Bxd5 24. Qxa7 b6 25. Ng6 Qd4+ 26. Kh1 Rd7 27. Qa3 Qe4 28. Qh3 Re8 29. Ne5 Rd6 30. Rae1 Qc2 31. Ng6 Rxe1 32. Rxe1 Kh7 33. Qg4 Qf2 34. Rg1 Qxa2 35. h4 Qf2 36. Nf8+ Kh8 37. Ne6 Qb2 38. Nxc7 Be4 39. Ne8 Rc6 40. f6 g5 41. Qd7 1-0

[Event "GER Ch qual"]
[Site "Gladenbach GER"]
[Date "1992.??.??"]
[Round "11"]
[White "Kindl, Peter"]
[Black "Raupp, Thomas"]
[Result "1/2-1/2"]
[WhiteElo "2305"]
[BlackElo "2315"]
[PlyCount "29"]
[EventDate "1992.??.??"]
[Source "www.chesslib.no"]
[SourceDate "2004.05.04"]

1. d4 d5 2. Nf3 Nf6 3. c4 e6 4. Bg5 Be7 5. e3 h6 6. Bh4 O-O 7. Nc3 Ne4 8. Bxe7 Qxe7 9. cxd5 Nxc3 10. bxc3 exd5 11. Qb3 Rd8 12. Be2 Nc6 13. O-O b6 14. Nd2 Be6 15. Rfc1 1/2-1/2

[Event "ESP-chT"]
[Site "Salamanca"]
[Date "1998.09.13"]
[Round "9"]
[White "Lopez Colon, Francisco"]
[Black "Medina Garcia, Antonio Angel"]
[Result "0-1"]
[WhiteElo "2250"]
[BlackElo "2370"]
[PlyCount "60"]
[EventDate "1998.09.05"]
[Source "www.chesslib.no"]
[SourceDate "2004.05.04"]

1. d4 Nf6 2. c4 e6 3. Nf3 d5 4. Nc3 Be7 5. Bg5 O-O 6. e3 h6 7. Bh4 Ne4 8. Bxe7 Qxe7 9. cxd5 Nxc3 10. bxc3 exd5 11. Qb3 Rd8 12. c4 dxc4 13. Bxc4 Nc6 14. O-O Na5 15. Qc3 Nxc4 16. Qxc4 Bg4 17. Ne5 Be6 18. Qc2 Rac8 19. Qe4 c5 20. Nf3 Qf6 21. Qxb7 Bd5 22. Qxa7 Bxf3 23. gxf3 Qxf3 24. Rfb1 cxd4 25. Rc1 Rxc1+ 26. Rxc1 d3 27. Qc7 Rd5 28. Rc5 Qg4+ 29. Kh1 Rxc5 30. Qxc5 d2 0-1

[Event "Budapest HUN"]
[Site "?"]
[Date "1998.??.??"]
[Round "?"]
[White "Markus Robert"]
[Black "Parmentier Xavier"]
[Result "0-1"]
[WhiteElo "2270"]
[BlackElo "2335"]
[PlyCount "82"]
[EventDate "1998.??.??"]
[Source "www.chesslib.no"]
[SourceDate "2004.05.04"]

1. d4 d5 2. c4 e6 3. Nc3 Be7 4. Nf3 Nf6 5. Bg5 h6 6. Bh4 O-O 7. e3 Ne4 8. Bxe7 Qxe7 9. cxd5 Nxc3 10. bxc3 exd5 11. Qb3 Rd8 12. c4 dxc4 13. Bxc4 Nc6 14. Be2 b6 15. Rc1 Be6 16. Qa4 Qb4+ 17. Qxb4 Nxb4 18. a3 Na2 19. Rc2 c5 20. Bc4 Bxc4 21. Rxc4 cxd4 22. Nxd4 Rac8 23. Nc6 Kf8 24. Ke2 Rd6 25. Ra1 Rdxc6 26. Rxc6 Rxc6 27. Rxa2 Ke7 28. Kd3 Kd6 29. Rb2 Rc1 30. Rb4 Rd1+ 31. Kc2 Rf1 32. Rf4 f6 33. h4 b5 34. Kc3 a5 35. h5 Rc1+ 36. Kb3 Rc5 37. g4 Rg5 38. Kc3 f5 39. gxf5 Ke5 40. f6 gxf6 41. Rh4 Rf5 0-1

[Event "Corr"]
[Site "?"]
[Date "1997.??.??"]
[Round "?"]
[White "Duncan Jack"]
[Black "Koch Christian"]
[Result "1/2-1/2"]
[WhiteElo "2212"]
[BlackElo "2393"]
[PlyCount "53"]
[EventDate "1997.??.??"]
[Source "www.chesslib.no"]
[SourceDate "2004.05.04"]

1. d4 d5 2. c4 e6 3. Nc3 Nf6 4. Bg5 Be7 5. Nf3 O-O 6. e3 h6 7. Bh4 Ne4 8. Bxe7 Qxe7 9. cxd5 Nxc3 10. bxc3 exd5 11. Qb3 Rd8 12. c4 dxc4 13. Bxc4 Nc6 14. Be2 Rd6 15. O-O Be6 16. Qc3 Bd5 17. Rfc1 Rg6 18. Ne1 Qg5 19. g3 Rd6 20. Bf3 Bxf3 21. Nxf3 Qd5 22. Ne1 b6 23. Qc4 Qf5 24. Qc2 Qd5 25. Qc4 Qf5 26. Qc2 Qd5 27. Qc4 1/2-1/2